Deutsche Youtuber an ersten Videos erkennen #1 - Statistiken

Allgemein
  • Dieses Quiz wurde 80 mal gespielt
  • Das Durchschnittsergebnis liegt bei 2 aus 10
Antwortstatistiken
Video Youtuber % Korrekt
Haare an der Kopfhaut flechten BibisBeautyPalace
47%
Top 10 in Germany 3200 Trophies | Livestream Trymacs
43%
Let's Play Need for Speed: Most Wanted Part1 [HD] [Deutsch/German] 2012 Paluten
40%
NAME - Angry Son Juku Kaioken Training Julien Bam
33%
#001 vergessene Kirche - Urban Exploring (Deutschland/Germany) Fritz Meinecke
21%
Vorstellung + 50 facts about me TAG Julia Beautx
18%
[TuT] Mehr FPS in Minecraft durch Mod Optifine Felix von der Laden
17%
Let's Play SLENDER - Caty allein im Wald! [BLIND] [Deutsch|German] | Let's Grusel ungespielt
11%
Die Aussenseiter wollen uns tanzen sehen! KELLY //missesvlog
7%
Mein erstes Video MontanaBlack
6%
Keine übereinstimmenden Quizze gefunden
Verteilung der Resultate
Anzahl Personen mit jedem Resultat
Perzentil nach korrekt beantworteten Fragen
Ihre Resultats-Entwicklung
Sie haben dieses Quiz noch nicht gespielt